Leader xxxxxxxxxx
001 __ PCLIS00046262
005 __ 20221223143159.0
009 __ |a(CIP)96001197
010 0_ |a978-986-7480-72-9|b平裝|dNT$280
050 __ |a001883413
100 __ |a20070116d2007 m y0chiy09 e
101 0_ |achi
102 __ |atw
105 __ |ay z 000ad
200 1_ |a圍城|f錢鍾書著
205 __ |a一版
210 __ |a臺北市|c大地|d2007.02[民96]
215 0_ |a398面|d21公分
225 1_ |a大地文學|v20
300 __ |a附錄: 記錢鍾書與《圍城》 / 楊絳
306 __ |a2007年二刷
681 __ |a857.7|b8564|v2007年版
700 _1 |a錢|b鍾書|f1910-1998|4著
801 _0 |atw|b國圖|c20080917|gCCR
801 _1 |atw|b內湖高中|c20131021|gCCR
801 _2 |atw|b內湖高中|c20221223|gCCR
|